[Event "Intermat"]
[Site "Richmond"]
[Date "2023.04.15"]
[Round "2.25"]
[White "Shapiro, Michael"]
[Black "Doknjas, Neil"]
[Result "0-1"]
[WhiteElo "1710"]
[BlackElo "2243"]
[EventType "team-match"]
[EventRounds "2"]
[EventCountry "CAN"]

1. c4 g6 2. g3 Bg7 3. Bg2 e5 4. Nc3 Ne7 5. Nf3 Nbc6 6. d3 O-O 7. O-O d6 8. Rb1
a5 9. a3 f5 10. Qc2 h6 11. b4 axb4 12. axb4 Be6 13. b5 Nb8 14. Bb2 Nd7 15. Ra1
g5 16. Rxa8 Qxa8 17. Ra1 Qc8 18. Ra7 Qb8 19. Qa4 e4 20. Ne1 Bd4 21. Ra5 e3 22.
fxe3 Bxe3+ 23. Kh1 Bb6 24. Nf3 f4 25. Ne4 fxg3 26. Nxg3 Nf5 27. Nxf5 Bxf5 28.
Qa1 Bxa5 29. Qxa5 Qe8 30. Qc3 Nf6 31. Nd4 Bg4 32. Bxb7 Bxe2 33. Nf5 Qh5 34.
Bd5+ Kh7 35. Qa5 Nxd5 {#R} 0-1

[Event "Intermat"]
[Site "Richmond"]
[Date "2023.04.15"]
[Round "2.26"]
[White "Shubin, Daniel"]
[Black "Huang, Patrick"]
[Result "0-1"]
[WhiteElo "2263"]
[BlackElo "2212"]
[EventType "team-match"]
[EventRounds "2"]
[EventCountry "CAN"]

1. e4 e6 2. d4 d5 3. Nc3 Be7 4. exd5 exd5 5. Bd3 Nf6 6. Nge2 O-O 7. O-O Nc6 8.
a3 Bg4 9. f3 Bh5 10. Bg5 Qd7 11. Nf4 Bg6 12. Nxg6 hxg6 13. Ne2 Nd8 14. Nf4 Ne6
15. Nxe6 Qxe6 16. Qd2 Rae8 17. Rae1 Qb6 18. c3 Bd8 19. Qf2 c6 20. b4 Nd7 21.
Bf4 Bc7 22. Bg5 Bd8 23. Bf4 Bc7 24. Bg3 Bxg3 25. Qxg3 Qd8 26. f4 Rxe1 27. Rxe1
Re8 28. Rxe8+ Qxe8 29. Kf2 f5 30. Qe3 Qf7 31. h3 Nf6 32. a4 Ne4+ 33. Bxe4 dxe4
34. Kg3 Qb3 35. a5 a6 36. Kh4 Qc2 37. g4 Qd3 38. Qg3 Qe2 39. Kg5 e3 40. Qg1
Kh7 41. Qb1 Qf3 42. Qe1 Qxh3 {#R} 0-1